| 000 | 00464nam a22001697a 4500 | ||
|---|---|---|---|
| 003 | CEME | ||
| 005 | 20210628202642.0 | ||
| 008 | 210127b xxu||||| |||| 00| 0 eng d | ||
| 040 | _c. | ||
| 082 | _a628.922 FIR | ||
| 100 |
_aHirschler, Marcelo M _960923 |
||
| 245 | _aFire hazard and fire risk assessment | ||
| 260 |
_aUSA _bASTM _c1992 |
||
| 300 | _a254P | ||
| 650 |
_aFIRE HAZARD ASSESSMENT CONGRESSES, FIRE RISK ASSEMENT CONGRESSES _960924 |
||
| 942 |
_cBK _2ddc |
||
| 999 |
_c570523 _d570523 |
||